000 00368nam a22001577a 4500
008 230920b |||||||| |||| 00| 0 eng d
020 _a81-203-2445-5
082 _a105.32
100 _aR. Mall
245 _aFundamental of Software Engineering
_cv
260 _aNew Delhi
_bPHI
_c2003
300 _a336
650 _aBB CSE
796 _aR. Mall
942 _2ddc
_cBK
999 _c20179
_d20179